| 000 | 00404pab a2200157 454500 | ||
|---|---|---|---|
| 008 | 180718b2006 xxu||||| |||| 00| 0 eng d | ||
| 100 | _aMenjivar, Cecilia | ||
| 245 | _aPublic religion and immigration across national contexts | ||
| 260 | _c2006 | ||
| 300 | _ap.1447-454. | ||
| 362 | _aJul | ||
| 650 | _aImmigration | ||
| 650 | _aReligion | ||
| 773 | _aAmerican Behavioral Scientist | ||
| 909 | _a70265 | ||
| 999 |
_c70265 _d70265 |
||